000 00338 a2200157 4500
001 171032
020 _a
040 _cMagnum
100 _aBezerra, Joao Climaco
240 1 0 _aMatematica - volume unico
_lpor
245 1 0 _aMatematica - volume unico
362 0 _a1899
440 1 _aScipione
697 _aPARADIDATICO
942 _cBK
999 _c171032
_d171032